000 00252nam a22000977a 4500
999 _c11706
_d11706
008 200110b ||||| |||| 00| 0 eng d
020 _a0590629859
100 _aOsborne Pope Mary
_97376
245 _aPirates Past Noon
260 _aNew York
_bScholastic
_c1996